| 000 | 00529nam a2200205 a 4500 | ||
|---|---|---|---|
| 001 | 156068 | ||
| 003 | OSt | ||
| 005 | 20210924162213.0 | ||
| 008 | 180419 ### HIN | ||
| 020 | _a9788122427837 | ||
| 082 |
_a515.7 _bJ19F |
||
| 100 | _aJain, Pawan K | ||
| 245 |
_aFunctional analysis _cby Pawan K Jain and Om P Ahuja |
||
| 250 | _a2nd ed. | ||
| 260 |
_aLondon; New Delhi _bNew Age International _c2017 |
||
| 300 | _axv, 376p. | ||
| 653 | _aFunctional analysis | ||
| 700 | _aAhuja, Om P | ||
| 942 |
_2ddc _cBK |
||
| 999 |
_c18492 _d18492 |
||